[Event "78th ch-ESP 2013"]
[Site "Linares ESP"]
[Date "2013.09.05"]
[Round "8.12"]
[White "Romero Berruezo, Francisco"]
[Black "Matnadze, Ana"]
[Result "1/2-1/2"]
[WhiteElo "2154"]
[BlackElo "2390"]
[PlyCount "99"]
[EventDate "2013.08.29"]

1. c4 Nf6 2. Nc3 e6 3. e4 d5 4. e5 d4 5. exf6 dxc3 6. bxc3 Qxf6 7. Nf3 c5 8. d4
h6 9. Bd3 Bd6 10. O-O O-O 11. Qe2 Rd8 12. Qe4 Nc6 13. Be3 Bd7 14. Rad1 Rac8 15.
Qh7+ Kf8 16. Nd2 cxd4 17. cxd4 Bb4 18. Ne4 Qg6 19. Qxg6 fxg6 20. Rb1 Be7 21.
Rxb7 Nb4 22. Bb1 Rxc4 23. Nd2 Rcc8 24. Rxa7 Bb5 25. Re1 g5 26. Nf3 Ra8 27. Rxa8
Rxa8 28. Ne5 Bd6 29. f4 gxf4 30. Bxf4 Ke7 31. Bd2 Nxa2 32. Nd3 Bc4 33. Nc5 Kf7
34. Ne4 Be7 35. Bf4 Nb4 36. Nd6+ Bxd6 37. Bxd6 Nc6 38. Bc5 Rd8 39. Rc1 Bb5 40.
Rd1 Bc4 41. Be4 Bd5 42. Bd3 g5 43. Rf1+ Kg7 44. h4 Ra8 45. hxg5 hxg5 46. Rf2
Ra1+ 47. Kh2 Ra2 48. Rxa2 Bxa2 49. Kg3 Bd5 50. Bb6 1/2-1/2

[Event "78th ch-ESP 2013"]
[Site "Linares ESP"]
[Date "2013.09.05"]
[Round "8.13"]
[White "Hernandez Estevez, Yudania"]
[Black "Sanchez Aller, Fernando"]
[Result "1-0"]
[WhiteElo "2230"]
[BlackElo "2320"]
[PlyCount "73"]
[EventDate "2013.08.29"]

1. e4 e5 2. Nf3 Nc6 3. Bb5 a6 4. Ba4 Nf6 5. O-O Bc5 6. c3 b5 7. Bb3 d6 8. a4
Bg4 9. h3 Bxf3 10. Qxf3 Na5 11. Bc2 b4 12. d3 Rb8 13. Nd2 O-O 14. Rd1 Nd7 15.
Qg3 Qf6 16. Nf3 Qg6 17. Qh4 f6 18. d4 Ba7 19. Bd3 Qf7 20. Bxa6 Nb3 21. Nd2 Nxd2
22. Bxd2 exd4 23. cxb4 Kh8 24. Rdc1 Ne5 25. f4 Ng6 26. Qg3 d3+ 27. Kh1 Bd4 28.
Rab1 c5 29. Qxd3 Qa7 30. Bb5 cxb4 31. Rc4 Bc5 32. Rbc1 Rfc8 33. Qd5 Ne7 34. Qe6
Qb7 35. e5 fxe5 36. fxe5 Rd8 37. Bg5 1-0

[Event "78th ch-ESP 2013"]
[Site "Linares ESP"]
[Date "2013.09.05"]
[Round "8.14"]
[White "Aranaz Murillo, Amalia"]
[Black "Larino Nieto, David"]
[Result "1-0"]
[WhiteElo "2246"]
[BlackElo "2491"]
[PlyCount "67"]
[EventDate "2013.08.29"]

1. Nf3 b6 2. g3 Bb7 3. Bg2 g6 4. c4 Bg7 5. Nc3 f5 6. d4 Nh6 7. O-O O-O 8. d5
Nf7 9. Qc2 e6 10. Rd1 Qe7 11. b3 exd5 12. cxd5 c5 13. dxc6 Nxc6 14. Bb2 Nb4 15.
Qd2 Bc6 16. a3 Na6 17. Nd5 Bxd5 18. Bxg7 Kxg7 19. Qxd5 d6 20. Nd4 Rae8 21. b4
Qd7 22. Rac1 Nb8 23. Qa2 Ng5 24. Qb2 Rf6 25. h4 Ne4 26. Bxe4 Rxe4 27. Nb5 Qxb5
28. Rc7+ Nd7 29. Rxd6 Qe5 30. Rdxd7+ Kg8 31. Qd2 f4 32. Rd8+ Rf8 33. Rxf8+ Kxf8
34. Qd8+ 1-0

[Event "78th ch-ESP 2013"]
[Site "Linares ESP"]
[Date "2013.09.05"]
[Round "8.15"]
[White "Martinez Lopez, David"]
[Black "Gonzalez De La Torre, Santiago"]
[Result "0-1"]
[WhiteElo "2238"]
[BlackElo "2472"]
[PlyCount "114"]
[EventDate "2013.08.29"]

1. e4 c5 2. Nf3 e6 3. d4 cxd4 4. Nxd4 Qb6 5. Nb3 Qc7 6. Nc3 a6 7. Bd3 b5 8. O-O
Bb7 9. Qe2 Nf6 10. Re1 b4 11. Nd1 Be7 12. c3 Nc6 13. e5 Nd5 14. c4 Nb6 15. f4
Na4 16. Be3 d6 17. exd6 Bxd6 18. Qf2 O-O 19. c5 Be7 20. Qc2 g6 21. Nd2 Rad8 22.
Nf2 b3 23. Nxb3 Nb4 24. Qe2 Bf6 25. a3 Nxd3 26. Nxd3 Bxg2 27. Kxg2 Qb7+ 28. Kg1
Qxb3 29. Rad1 Bd4 30. Bxd4 Rxd4 31. c6 Qb6 32. Nf2 Rxf4 33. Rc1 Rc8 34. Red1
Rf5 35. Rc4 Rxf2 36. Qxf2 Qxf2+ 37. Kxf2 Nxb2 38. Rdd4 Nxc4 39. Rxc4 Kf8 40. c7
Ke7 41. Rc6 Kd7 42. Rxa6 Rxc7 43. a4 Ke7 44. a5 Rc2+ 45. Kg3 Ra2 46. Ra8 Ra4
47. h3 h5 48. h4 Kf6 49. a6 Kf5 50. a7 e5 51. Kf3 Ra3+ 52. Kf2 Kf4 53. Ke2 e4
54. Kd2 Kf3 55. Kd1 e3 56. Kc2 Kf2 57. Kb2 Ra6 0-1

[Event "78th ch-ESP 2013"]
[Site "Linares ESP"]
[Date "2013.09.05"]
[Round "8.16"]
[White "Vega Gutierrez, Sabrina"]
[Black "Gavilan Diaz, Mario"]
[Result "0-1"]
[WhiteElo "2402"]
[BlackElo "2225"]
[PlyCount "113"]
[EventDate "2013.08.29"]

1. e4 c5 2. Nf3 Nc6 3. d4 cxd4 4. Nxd4 g6 5. Nc3 Bg7 6. Nf3 Nf6 7. Bc4 O-O 8.
O-O d6 9. h3 b6 10. Re1 Bb7 11. Bb3 Rc8 12. Bg5 h6 13. Bf4 Na5 14. Qd3 a6 15.
Rad1 Nxb3 16. axb3 Nd7 17. Nd5 b5 18. b4 Re8 19. c3 Rc4 20. Bg3 Qa8 21. Nd2
Rcc8 22. f3 Ne5 23. Bxe5 Bxe5 24. Qe3 Bxd5 25. exd5 Qxd5 26. Qxh6 Bg7 27. Qh4
Bf6 28. Qg4 Qa2 29. Ne4 Bg7 30. Ng5 Bf6 31. Ne4 Bg7 32. Ng5 Bf6 33. Ne4 Bg7 34.
Qd7 Rcd8 35. Qc6 Rc8 36. Qd7 Rcd8 37. Qb7 Qxb2 38. Rd2 Qb3 39. Qxa6 d5 40. Red1
Ra8 41. Qxb5 dxe4 42. fxe4 Qxc3 43. Rd3 Qe5 44. Qc6 Rec8 45. Qb7 Rab8 46. Qd7
Qxe4 47. b5 Qb7 48. Rb3 Rd8 49. Qxd8+ Rxd8 50. Rxd8+ Kh7 51. b6 Be5 52. Rb5 Bd6
53. Kh1 Kg7 54. Rb1 Kh7 55. Rb3 Kg7 56. Rb1 Qe4 57. Ra1 0-1

[Event "78th ch-ESP 2013"]
[Site "Linares ESP"]
[Date "2013.09.05"]
[Round "8.17"]
[White "Espinosa Aranda, Angel"]
[Black "Navarrete Espi, Samuel"]
[Result "1-0"]
[WhiteElo "2392"]
[BlackElo "2214"]
[PlyCount "59"]
[EventDate "2013.08.29"]

1. d4 Nf6 2. g3 g6 3. Bg2 Bg7 4. e4 d6 5. Nc3 O-O 6. Nge2 e5 7. h3 Nc6 8. Be3
Bd7 9. O-O Qc8 10. Kh2 exd4 11. Nxd4 Ne5 12. b3 h5 13. f3 Re8 14. Qd2 h4 15.
gxh4 Nh5 16. Rae1 Nc6 17. f4 Qd8 18. Nf3 Bxc3 19. Qxc3 Rxe4 20. Ng5 Re8 21. f5
Bxf5 22. Nxf7 Qxh4 23. Qh8+ Kxf7 24. Bd5+ Re6 25. Rxf5+ gxf5 26. Qh7+ Kf6 27.
Qh6+ Ke7 28. Qxe6+ Kd8 29. Qg8+ Kd7 30. Be6+ 1-0

[Event "78th ch-ESP 2013"]
[Site "Linares ESP"]
[Date "2013.09.05"]
[Round "8.20"]
[White "Chueca Forcen, Alberto"]
[Black "Jimenez De La Torre, Jose A"]
[Result "1-0"]
[WhiteElo "2313"]
[BlackElo "2038"]
[PlyCount "103"]
[EventDate "2013.08.29"]

1. e4 e5 2. f4 exf4 3. Nf3 Nf6 4. e5 Nh5 5. Be2 d6 6. O-O dxe5 7. Nxe5 Bc5+ 8.
Kh1 Nf6 9. c3 O-O 10. d4 Be7 11. Bxf4 Be6 12. c4 c6 13. Nc3 Nbd7 14. Bd3 Nxe5
15. dxe5 Nd7 16. Qe2 Nc5 17. Rad1 Nxd3 18. Rxd3 Qa5 19. Qh5 f6 20. Rg3 Rf7 21.
Bh6 Raf8 22. Re1 fxe5 23. h3 Bf5 24. Bg5 Bg6 25. Qg4 Qb6 26. Kh2 Bxg5 27. Qxg5
Rf1 28. Rxf1 Rxf1 29. Re3 Qxb2 30. Qxe5 Rf8 31. Qe6+ Bf7 32. Qg4 Qb4 33. Rg3 g6
34. Ne4 Qxc4 35. Qh4 Bd5 36. Nf6+ Rxf6 37. Qxf6 Qxa2 38. Qd8+ Kg7 39. Qc7+ Kg8
40. Qc8+ Kg7 41. Qxb7+ Kg8 42. Qb8+ Kg7 43. Qe5+ Kg8 44. h4 Qa4 45. Qe8+ Kg7
46. Qe7+ Kg8 47. h5 Qe4 48. Qd8+ Kg7 49. h6+ Kxh6 50. Qf8+ Kh5 51. Qf6 Qh4+ 52.
Rh3 1-0

[Event "78th ch-ESP 2013"]
[Site "Linares ESP"]
[Date "2013.09.05"]
[Round "8.21"]
[White "Shen, Yue"]
[Black "Silva Rodriguez, Julio"]
[Result "1/2-1/2"]
[WhiteElo "2283"]
[BlackElo "2198"]
[PlyCount "79"]
[EventDate "2013.08.29"]

1. d4 Nf6 2. c4 e6 3. g3 d5 4. Nf3 Bb4+ 5. Bd2 Be7 6. Bg2 c6 7. Qc2 Nbd7 8. O-O
b6 9. cxd5 cxd5 10. Qa4 O-O 11. Rc1 Bb7 12. Bf4 a6 13. Bc7 Qe8 14. Nbd2 Rc8 15.
Rc2 b5 16. Qa5 Bd8 17. Rac1 Nb8 18. Ne5 Nc6 19. Nxc6 Rxc7 20. Nxd8 Rxc2 21.
Rxc2 Qxd8 22. Nb3 Qxa5 23. Nxa5 Rc8 24. Rc5 Rxc5 25. dxc5 Bc8 26. b4 Kf8 27. e3
Ke8 28. Kf1 Kd7 29. Ke2 Kc7 30. Bf3 e5 31. Bg2 Ne4 32. Bxe4 dxe4 33. Nb3 Bg4+
34. Kd2 Be6 35. Nc1 f5 36. a3 Bc4 37. Ne2 Bxe2 38. Kxe2 g5 39. f3 h5 40. fxe4
1/2-1/2

[Event "78th ch-ESP 2013"]
[Site "Linares ESP"]
[Date "2013.09.05"]
[Round "8.22"]
[White "Nicolas Zapata, Irene"]
[Black "Lopez Mulet, Inigo"]
[Result "1-0"]
[WhiteElo "2253"]
[BlackElo "2120"]
[PlyCount "203"]
[EventDate "2013.08.29"]

1. d4 Nf6 2. Nf3 d5 3. c4 e6 4. Bg5 Bb4+ 5. Nbd2 Nbd7 6. e3 a6 7. Bd3 dxc4 8.
Bxc4 b5 9. Bb3 Bb7 10. O-O Be7 11. Re1 c5 12. e4 cxd4 13. e5 Ng8 14. Bxe7 Nxe7
15. Ne4 O-O 16. Nxd4 Bxe4 17. Rxe4 Nc5 18. Rg4 Nxb3 19. axb3 Qd5 20. Qd2 Qxe5
21. Re1 Qf6 22. Qc3 Rac8 23. Nc6 Qxc3 24. Nxe7+ Kh8 25. bxc3 Rc7 26. Ra1 Rxe7
27. Rxa6 Rc7 28. c4 h5 29. Rh4 g6 30. g3 bxc4 31. Rxc4 Rb7 32. b4 Rd8 33. Ra1
Rd5 34. Kf1 Rbb5 35. Rf4 Rb7 36. h4 Kg7 37. Ke2 Rbd7 38. Rb1 Re5+ 39. Kf1 Rb5
40. Re4 Rdd5 41. Ke2 Kf6 42. Rd1 Re5 43. Rdd4 Rf5 44. Rf4 e5 45. Rxf5+ Kxf5 46.
Rc4 Rd5 47. Rc3 Ke4 48. Re3+ Kf5 49. Rb3 Rb5 50. Kd3 Ke6 51. Kc4 Rb8 52. Kc5
Kd7 53. b5 Kc7 54. b6+ Kb7 55. Rd3 Rc8+ 56. Kb5 f5 57. Rd7+ Kb8 58. Ka6 f4 59.
Re7 fxg3 60. fxg3 e4 61. Rxe4 Rf8 62. Re6 Rg8 63. Rf6 Ka8 64. b7+ Kb8 65. Rc6
Rf8 66. Rxg6 Rh8 67. Rc6 Re8 68. Rh6 Rg8 69. Rc6 Rh8 70. Re6 Rd8 71. Rh6 Rg8
72. Rd6 Rh8 73. Kb6 Re8 74. Rc6 Re6 75. Kc5 Re3 76. Rg6 Kxb7 77. Rg7+ Ka6 78.
Kd4 Ra3 79. Ke4 Ra4+ 80. Kf5 Ra3 81. Rg5 Kb6 82. Kg6 Kc6 83. Kxh5 Kd6 84. g4
Ke6 85. Rg6+ Kf7 86. Rb6 Ra5+ 87. g5 Ra4 88. Rb7+ Kf8 89. Kg6 Rxh4 90. Rb8+ Ke7
91. Kg7 Rh5 92. g6 Rh1 93. Rb4 Rh2 94. Re4+ Kd7 95. Kg8 Rh1 96. g7 Rh2 97. Kf7
Rf2+ 98. Kg6 Rg2+ 99. Kf6 Rg1 100. Re5 Rf1+ 101. Rf5 Rg1 102. Kf7 1-0

[Event "78th ch-ESP 2013"]
[Site "Linares ESP"]
[Date "2013.09.05"]
[Round "8.23"]
[White "Vella Ramirez, Alfonso"]
[Black "Alvarez Fernandez, Enrique"]
[Result "0-1"]
[WhiteElo "2087"]
[BlackElo "2385"]
[PlyCount "74"]
[EventDate "2013.08.29"]

1. f4 d5 2. b3 Bf5 3. Bb2 e6 4. Nf3 Nf6 5. e3 Be7 6. Be2 h6 7. O-O O-O 8. Ne5
Nfd7 9. Bg4 Bh7 10. d3 c5 11. Nd2 Nxe5 12. fxe5 Nc6 13. Qf3 Bg5 14. a4 c4 15.
bxc4 d4 16. Nb3 Nxe5 17. Qg3 Bxe3+ 18. Kh1 Nxg4 19. Qxg4 f5 20. Qg3 f4 21. Qf3
Rb8 22. Ba3 Re8 23. Nc5 e5 24. Ne4 Qd7 25. Rfb1 Qc6 26. Rb5 Bxe4 27. dxe4 b6
28. Rab1 Qxc4 29. Bd6 Rbc8 30. Rxe5 Qxc2 31. Rf1 Rxe5 32. Bxe5 Re8 33. Bxg7
Qxe4 34. Bxh6 Qxf3 35. gxf3 d3 36. Rd1 d2 37. h4 Rc8 0-1

[Event "78th ch-ESP 2013"]
[Site "Linares ESP"]
[Date "2013.09.05"]
[Round "8.24"]
[White "Arboledas Fernandez, Antonio A"]
[Black "Santos Ruiz, Miguel"]
[Result "0-1"]
[WhiteElo "2149"]
[BlackElo "2239"]
[PlyCount "66"]
[EventDate "2013.08.29"]

1. d4 Nf6 2. Bf4 c5 3. e3 e6 4. c3 d5 5. Bd3 Bd6 6. Bg3 O-O 7. Nd2 Nc6 8. f4 b6
9. Ngf3 Bb7 10. Ne5 Ne7 11. Qf3 Nf5 12. Bf2 Be7 13. Rd1 Nd6 14. Qh3 Qc7 15. O-O
Nfe4 16. Bh4 Bxh4 17. Qxh4 f6 18. Nef3 b5 19. dxc5 Qxc5 20. Nd4 e5 21. fxe5
fxe5 22. Bxe4 dxe4 23. N2b3 Qb6 24. Ne6 Qxe3+ 25. Kh1 Rxf1+ 26. Rxf1 Qd3 27.
Qf2 h6 28. Nbc5 Qd5 29. Qg3 Nf5 30. Qg6 e3 31. Nxb7 e2 32. Rg1 Qd1 33. Qxf5
e1=Q 0-1

[Event "78th ch-ESP 2013"]
[Site "Linares ESP"]
[Date "2013.09.05"]
[Round "8.25"]
[White "Ruiz Sanchez, Miguel Angel"]
[Black "Leon Acosta, Miguel"]
[Result "1/2-1/2"]
[WhiteElo "2221"]
[BlackElo "2005"]
[PlyCount "53"]
[EventDate "2013.08.29"]

1. d4 Nc6 2. Bf4 d6 3. Nf3 Bg4 4. d5 Bxf3 5. exf3 Nb8 6. c4 Nd7 7. Nc3 g6 8.
Be3 Bg7 9. Qb3 c5 10. Qxb7 Rb8 11. Qxa7 Rxb2 12. Rc1 Ngf6 13. Nb5 O-O 14. Qa3
Ne8 15. Nc3 Qb6 16. Nd1 Rb4 17. Bd2 Nc7 18. Be2 e6 19. O-O Ra8 20. Qd3 Rxa2 21.
Bxb4 cxb4 22. Ne3 Nc5 23. Qd1 Bc3 24. Rc2 Ra1 25. Rc1 Ra2 26. Rc2 Ra1 27. Rc1
1/2-1/2

[Event "78th ch-ESP 2013"]
[Site "Linares ESP"]
[Date "2013.09.05"]
[Round "8.26"]
[White "Bazan Solera, Manuel"]
[Black "Lorente Penalva, Diego"]
[Result "0-1"]
[WhiteElo "2007"]
[BlackElo "2178"]
[PlyCount "105"]
[EventDate "2013.08.29"]

1. d4 d6 2. Nf3 Bg4 3. Qd3 Nd7 4. Bf4 Ngf6 5. h3 Bxf3 6. Qxf3 e5 7. dxe5 dxe5
8. Bg3 e4 9. Qc3 Bd6 10. Bxd6 cxd6 11. e3 Rc8 12. Qd2 Qb6 13. b3 O-O 14. Be2
Rfd8 15. O-O d5 16. a4 Ne5 17. a5 Qc5 18. c3 a6 19. Rd1 Qc7 20. Ra4 h6 21. Qa2
Rd6 22. Qa1 Nh7 23. Rad4 Rg6 24. Rxd5 Nf3+ 25. Bxf3 exf3 26. g4 Ng5 27. Rxg5
Rxg5 28. c4 h5 29. Rd4 hxg4 30. hxg4 Re8 31. Qc3 Qc8 32. Nd2 Rxg4+ 33. Rxg4
Qxg4+ 34. Kf1 Rd8 35. Ke1 Qg1+ 36. Nf1 Qg6 37. Nd2 Qd3 38. Qxd3 Rxd3 39. Kd1
Rc3 40. c5 Rxc5 41. Nxf3 Rxa5 42. Nd2 Kf8 43. Ke2 Ra2 44. Kd3 Ke7 45. f4 Rxd2+
46. Kxd2 f5 47. e4 fxe4 48. Ke3 Ke6 49. Kxe4 g6 50. b4 b6 51. Kd4 Kf5 52. Ke3
a5 53. Kd4 0-1

[Event "78th ch-ESP 2013"]
[Site "Linares ESP"]
[Date "2013.09.05"]
[Round "8.27"]
[White "Zamarbide Inarrea, Daniel"]
[Black "Juan Delgado, Adrian"]
[Result "1-0"]
[WhiteElo "2213"]
[BlackElo "1865"]
[PlyCount "59"]
[EventDate "2013.08.29"]

1. Nf3 d5 2. Nc3 Nf6 3. d4 Bf5 4. Bf4 c6 5. e3 e6 6. a3 Bd6 7. Ne5 Ne4 8. Nxe4
Bxe4 9. f3 Bf5 10. g4 Bg6 11. h4 f6 12. Nxg6 hxg6 13. Qd3 f5 14. Bxd6 Qxd6 15.
O-O-O Nd7 16. Be2 O-O-O 17. h5 gxh5 18. gxf5 Rde8 19. Rdg1 Re7 20. Rg6 Nf6 21.
f4 Qd7 22. fxe6 Qxe6 23. Bg4 hxg4 24. Rxh8+ Kc7 25. Rg5 Qxe3+ 26. Qxe3 Rxe3 27.
Rxg7+ Kb6 28. Rb8 Kb5 29. Rbxb7+ Kc4 30. Rb4# 1-0

[Event "78th ch-ESP 2013"]
[Site "Linares ESP"]
[Date "2013.09.05"]
[Round "8.28"]
[White "Alvarez Morales, Miguel"]
[Black "De Prado Rodriguez, Oscar Bruno"]
[Result "0-1"]
[WhiteElo "1983"]
[BlackElo "2251"]
[PlyCount "137"]
[EventDate "2013.08.29"]

1. Nf3 f5 2. e4 fxe4 3. Ng5 Nc6 4. d3 e3 5. Bxe3 e5 6. c4 Be7 7. h4 Nf6 8. Nc3
h6 9. Nge4 O-O 10. Nxf6+ Bxf6 11. Qh5 Qe8 12. Qxe8 Rxe8 13. Nd5 Bd8 14. Be2 d6
15. O-O-O Be6 16. Bf3 Rb8 17. g4 Rf8 18. Be2 Bxd5 19. cxd5 Nb4 20. g5 hxg5 21.
hxg5 Nxd5 22. Bg4 Kf7 23. g6+ Kxg6 24. Bh5+ Kf5 25. Rhg1 Nxe3 26. fxe3 Bg5 27.
Kd2 g6 28. Be2 Be7 29. Rdf1+ Ke6 30. Rxg6+ Rf6 31. Rg7 Rxf1 32. Bxf1 Rh8 33.
Rg3 Rh2+ 34. Rg2 Rh1 35. Be2 d5 36. Bf3 Rb1 37. Kc2 Re1 38. Re2 Rf1 39. Bg2 Rg1
40. e4 d4 41. Bh3+ Kd6 42. Rg2 Rh1 43. Rg6+ Kc5 44. Bc8 b5 45. Ra6 Rh2+ 46. Kb3
Rd2 47. Bd7 Rxd3+ 48. Kc2 Rg3 49. Rc6+ Kb4 50. a3+ Ka5 51. b4+ Bxb4 52. axb4+
Kxb4 53. Rxc7 Rc3+ 54. Rxc3 dxc3 55. Be6 a5 56. Bd5 Ka3 57. Kxc3 b4+ 58. Kc2 a4
59. Kd3 Kb2 60. Kc4 Ka3 61. Be6 b3 62. Kc3 Ka2 63. Bd5 Ka3 64. Bf7 Ka2 65. Bc4
Ka3 66. Bb5 b2 67. Bd3 Ka2 68. Bc4+ Ka1 69. Bf1 0-1

[Event "78th ch-ESP 2013"]
[Site "Linares ESP"]
[Date "2013.09.05"]
[Round "8.29"]
[White "Ruiz Sanchez, Andres"]
[Black "Cucarella Montell, Angels"]
[Result "1-0"]
[WhiteElo "2191"]
[BlackElo "1996"]
[PlyCount "51"]
[EventDate "2013.08.29"]

1. d4 d5 2. Bf4 Nf6 3. e3 e6 4. Nf3 c5 5. c3 Nc6 6. Nbd2 Bd6 7. Bg3 Bxg3 8.
hxg3 Qd6 9. Bb5 cxd4 10. exd4 Bd7 11. Qe2 a6 12. Bd3 h6 13. Ne5 Qe7 14. f4
O-O-O 15. Nb3 Nxe5 16. fxe5 Nh7 17. Nc5 Bc6 18. b4 Qg5 19. b5 axb5 20. Bxb5
Qxg3+ 21. Kd2 Qg5+ 22. Kd1 Kc7 23. Bxc6 bxc6 24. Rf1 Qg6 25. Qa6 Qg4+ 26. Rf3
1-0

[Event "78th ch-ESP 2013"]
[Site "Linares ESP"]
[Date "2013.09.06"]
[Round "9.1"]
[White "Salgado Lopez, Ivan"]
[Black "Anton Guijarro, David"]
[Result "1/2-1/2"]
[WhiteElo "2614"]
[BlackElo "2570"]
[PlyCount "60"]
[EventDate "2013.08.29"]

1. e4 g6 2. d4 Bg7 3. Nf3 d6 4. Nc3 c6 5. a4 Nf6 6. Be2 O-O 7. O-O Qc7 8. h3 e5
9. dxe5 dxe5 10. Be3 Nh5 11. Bc4 Nf4 12. Bxf4 exf4 13. e5 Bf5 14. Qe2 Qe7 15.
Nd4 Qxe5 16. Qxe5 Bxe5 17. Nxf5 gxf5 18. Rad1 Na6 19. Bxa6 bxa6 20. Rd3 c5 21.
Rd5 f6 22. Rxc5 Rab8 23. Rb1 Rfd8 24. Nd5 Bd4 25. Ra5 Rxb2 26. Rxb2 Bxb2 27. c3
Kf7 28. Kf1 Bc1 29. Ke2 Ke6 30. c4 Ke5 1/2-1/2

[Event "78th ch-ESP 2013"]
[Site "Linares ESP"]
[Date "2013.09.06"]
[Round "9.5"]
[White "Ibarra Jerez, Jose Carlos"]
[Black "Narciso Dublan, Marc"]
[Result "1/2-1/2"]
[WhiteElo "2538"]
[BlackElo "2505"]
[PlyCount "77"]
[EventDate "2013.08.29"]

1. e4 e5 2. Nf3 Nc6 3. Bb5 a6 4. Bxc6 dxc6 5. O-O f6 6. d4 exd4 7. Nxd4 c5 8.
Nb3 Qxd1 9. Rxd1 Bg4 10. f3 Be6 11. Bf4 c4 12. Na5 b6 13. Nc6 Bc5+ 14. Kf1 Bd7
15. Nd4 O-O-O 16. Nc3 Ne7 17. Rd2 g5 18. Be3 h5 19. Rad1 Bd6 20. Kg1 b5 21. a3
Rhg8 22. Nde2 f5 23. Bf2 h4 24. h3 Nc6 25. Kf1 Rdf8 26. exf5 Bxf5 27. Nd5 Ne5
28. Nec3 Kb7 29. Re2 Nd7 30. Ne7 Rg7 31. Nxf5 Rxf5 32. Ne4 Kc6 33. Be3 Be5 34.
Bd4 Re7 35. Nf2 Bd6 36. Rxe7 Bxe7 37. Ne4 Nf8 38. Be3 Ne6 39. Ke2 1/2-1/2

[Event "78th ch-ESP 2013"]
[Site "Linares ESP"]
[Date "2013.09.06"]
[Round "9.6"]
[White "Almagro Llamas, Pablo"]
[Black "Hernandez Estevez, Yudania"]
[Result "1-0"]
[WhiteElo "2474"]
[BlackElo "2230"]
[PlyCount "137"]
[EventDate "2013.08.29"]

1. c4 e5 2. Nc3 Nc6 3. e3 Bc5 4. Nf3 d6 5. d4 Bb4 6. Bd2 Nf6 7. d5 Bxc3 8. Bxc3
Ne7 9. Nd2 O-O 10. Bd3 Ng6 11. O-O Ng4 12. h3 Nh6 13. Qh5 Bd7 14. f4 f5 15. a4
Qe7 16. Kh1 Rae8 17. Bc2 Rf6 18. Nf3 exf4 19. exf4 Rff8 20. Rae1 Qd8 21. Nd4
Rxe1 22. Bxe1 Qe8 23. Bc3 Qe3 24. Qf3 Re8 25. Qxe3 Rxe3 26. Bd2 Re7 27. Kg1 c5
28. dxc6 bxc6 29. Kf2 Re8 30. g3 Rb8 31. Bc3 Kf7 32. Rd1 Ne7 33. Nf3 Nc8 34.
Ne5+ dxe5 35. Rxd7+ Ke6 36. Rxg7 exf4 37. Rxh7 Ng8 38. gxf4 Nce7 39. h4 Nf6 40.
Rh6 Neg8 41. Rg6 Rb7 42. Rg5 Nh6 43. Kf3 Rf7 44. Rg6 Nhg8 45. Rg5 Nh6 46. h5
Rh7 47. Bxf6 Kxf6 48. Rg6+ Ke7 49. Rxc6 Kd8 50. Rf6 Ke7 51. Bxf5 Rh8 52. Re6+
Kf7 53. Re5 Rb8 54. Bg6+ Kf6 55. Rb5 Rc8 56. b3 Rd8 57. Ra5 Rb8 58. Ra6+ Ke7
59. Bc2 Nf7 60. Rxa7+ Kf6 61. Rxf7+ Kxf7 62. h6 Rd8 63. h7 Kg7 64. Ke3 Re8+ 65.
Kd4 Re2 66. Bd3 Rf2 67. a5 Rxf4+ 68. Be4 Rf2 69. c5 1-0

[Event "78th ch-ESP 2013"]
[Site "Linares ESP"]
[Date "2013.09.06"]
[Round "9.7"]
[White "Andres Gonzalez, Ivan"]
[Black "Teran Alvarez, Ismael"]
[Result "1/2-1/2"]
[WhiteElo "2311"]
[BlackElo "2422"]
[PlyCount "60"]
[EventDate "2013.08.29"]

1. e4 e6 2. d4 d5 3. Nc3 dxe4 4. Nxe4 Bd7 5. Nf3 Bc6 6. Bd3 Nd7 7. O-O Ngf6 8.
Qe2 Be7 9. c3 Nxe4 10. Bxe4 Bxe4 11. Qxe4 c6 12. Ne5 O-O 13. Re1 Nf6 14. Qe2
Nd5 15. Bd2 Bg5 16. Bxg5 Qxg5 17. Qg4 Qxg4 18. Nxg4 Rfd8 19. Ne3 Nxe3 20. Rxe3
Kf8 21. Kf1 Rd5 22. Rae1 Rad8 23. Re5 Rxe5 24. Rxe5 Rd5 25. Ke2 Ke7 26. Kd3 f6
27. Rxd5 exd5 28. Ke3 Ke6 29. g4 g5 30. f3 Kd6 1/2-1/2

[Event "78th ch-ESP 2013"]
[Site "Linares ESP"]
[Date "2013.09.06"]
[Round "9.8"]
[White "Chueca Forcen, Alberto"]
[Black "Alonso Rosell, Alvar"]
[Result "0-1"]
[WhiteElo "2313"]
[BlackElo "2550"]
[PlyCount "114"]
[EventDate "2013.08.29"]

1. e4 c6 2. d4 d5 3. f3 dxe4 4. fxe4 e5 5. Nf3 Bg4 6. Bc4 Nd7 7. O-O Ngf6 8.
dxe5 Qb6+ 9. Kh1 Nxe5 10. Be2 Nxf3 11. Bxf3 Be6 12. Nc3 Nd7 13. Bf4 O-O-O 14.
Qe2 Qc5 15. Be3 Qa5 16. a3 Bd6 17. Bg1 Qe5 18. Rfd1 Bc5 19. Bf2 Bxf2 20. Qxf2
Kb8 21. Rd4 Nb6 22. Rad1 Rxd4 23. Rxd4 Nc4 24. Nd1 Rc8 25. c3 Qf4 26. Be2 Qxf2
27. Nxf2 c5 28. Rd1 Nxb2 29. Rc1 Rd8 30. Rc2 Na4 31. Kg1 Rd6 32. Kf1 Rb6 33.
Ke1 Rb3 34. Kd2 Rxa3 35. Bg4 Bb3 36. Rc1 Ra2+ 37. Ke3 Nb6 38. Nd3 Rxg2 39. Bf3
Rxh2 40. Nxc5 Bc4 41. Rd1 Kc7 42. e5 Rh3 43. Kf4 h5 44. Bxb7 Rxc3 45. Bf3 g5+
46. Kxg5 Rxf3 47. Ra1 Kc6 48. Ne4 Be6 49. Nd6 f6+ 50. exf6 Kxd6 51. Kxh5 Rf5+
52. Kg6 a5 53. f7 a4 54. Rb1 Nd5 55. Ra1 Nc3 56. Ra3 Rxf7 57. Rxc3 Ra7 0-1

[Event "78th ch-ESP 2013"]
[Site "Linares ESP"]
[Date "2013.09.06"]
[Round "9.9"]
[White "Alvarado Diaz, Alejandro"]
[Black "Lopez Martinez, Josep Manuel"]
[Result "1/2-1/2"]
[WhiteElo "2313"]
[BlackElo "2547"]
[PlyCount "160"]
[EventDate "2013.08.29"]

1. Nf3 g6 2. g3 Bg7 3. Bg2 e5 4. d3 d5 5. O-O Ne7 6. e4 O-O 7. exd5 Nxd5 8. Re1
Nc6 9. Nbd2 Re8 10. Nc4 Nb6 11. Nfd2 Nd4 12. c3 Nf5 13. Qc2 Nd6 14. a4 Nbxc4
15. Nxc4 Nxc4 16. dxc4 c6 17. a5 a6 18. Be3 Be6 19. Bb6 Qe7 20. b3 f5 21. Rad1
Qf7 22. Qd2 Re7 23. Qe3 Rae8 24. Rd6 Rd7 25. Red1 Rxd6 26. Rxd6 h6 27. Qd2 e4
28. Rd8 Kh7 29. Rxe8 Qxe8 30. f3 exf3 31. Bxf3 Bf7 32. Kf2 Qe7 33. Qd3 f4 34.
Bd4 fxg3+ 35. hxg3 Be6 36. Bxg7 Qxg7 37. Qd4 Qf7 38. Ke3 h5 39. Qe5 Qd7 40. Qd4
Qc7 41. Qf6 Bf5 42. b4 Qd7 43. Qd4 Qe6+ 44. Kf2 Qf7 45. Ke3 Be6 46. Be2 Bh3 47.
b5 cxb5 48. cxb5 axb5 49. Qe4 Qc7 50. Kf2 Qc5+ 51. Qe3 Qf8+ 52. Qf3 Qe7 53. Qe3
Qf7+ 54. Qf3 Qc7 55. Qe4 Bc8 56. Qd5 b6 57. axb6 Qxb6+ 58. Ke1 Qc7 59. Kf2 Qa7+
60. Ke1 Ba6 61. Qe5 Qg7 62. Qe3 Qf6 63. Kd2 Kg7 64. Bd3 Qd6 65. Qa7+ Kf6 66.
Qf2+ Kg5 67. Kc2 Qe5 68. Qb6 Qf6 69. Qe3+ Kg4 70. Be2+ Kf5 71. Bd3+ Kg4 72.
Be2+ Kh3 73. g4+ Kg2 74. gxh5 gxh5 75. Qe4+ Kg3 76. Bxh5 Bc8 77. Qe3+ Kh4 78.
Be2 Bf5+ 79. Kb2 Bg6 80. Qd4+ Qxd4 1/2-1/2

[Event "78th ch-ESP 2013"]
[Site "Linares ESP"]
[Date "2013.09.06"]
[Round "9.10"]
[White "Gavilan Diaz, Mario"]
[Black "Perez Mitjans, Orelvis"]
[Result "1-0"]
[WhiteElo "2225"]
[BlackElo "2475"]
[PlyCount "68"]
[EventDate "2013.08.29"]

1. e4 c5 2. Nf3 g6 3. d4 cxd4 4. Nxd4 Nf6 5. Nc3 d6 6. Be3 Bg7 7. f3 O-O 8. Qd2
Nc6 9. O-O-O d5 10. Kb1 Rb8 11. Ndb5 a6 12. Na7 Bd7 13. Nxd5 Nxd5 14. Qxd5 Qc7
15. Qxd7 Qa5 16. Qd2 Rbd8 17. Bd3 Qe5 18. c3 Na5 19. Qf2 Rd7 20. Bb6 Rxd3 21.
Rxd3 Nc4 22. Bd4 Qc7 23. Bxg7 Kxg7 24. Rhd1 Nb6 25. a4 e5 26. a5 Na4 27. Rd5
Ra8 28. Qc2 Qc4 29. Rxe5 Rxa7 30. Re7 Nc5 31. Qf2 Qb3 32. Rd5 Na4 33. Qd4+ Kh6
34. Qb4 Ra8 1-0

[Event "78th ch-ESP 2013"]
[Site "Linares ESP"]
[Date "2013.09.06"]
[Round "9.11"]
[White "Gonzalez De La Torre, Santiago"]
[Black "Villasenor Rubio, Emilio Jose"]
[Result "1-0"]
[WhiteElo "2472"]
[BlackElo "2260"]
[PlyCount "87"]
[EventDate "2013.08.29"]

1. e4 c5 2. Nf3 Nc6 3. d4 cxd4 4. Nxd4 g6 5. Nc3 Bg7 6. Be3 Nf6 7. Bc4 O-O 8.
Bb3 a5 9. O-O a4 10. Nxa4 Nxe4 11. c4 d6 12. Nb5 Ra6 13. Qe2 Nf6 14. Rad1 Be6
15. Nc5 Ra8 16. Nxe6 fxe6 17. Bg5 Qc8 18. Rfe1 Nd8 19. Nd4 Ra5 20. c5 Qxc5 21.
Nxe6 Nxe6 22. Qxe6+ Kh8 23. Be3 Qh5 24. Bd4 Ng8 25. Bd5 Qh4 26. Re4 Qh5 27. g4
Qh4 28. Rf4 Raa8 29. Bxg7+ Kxg7 30. Rdd4 Rf6 31. Rxf6 Qxf6 32. Rb4 Qg5 33. f4
Qh6 34. Kg2 Kh8 35. Kg3 Rf8 36. Rc4 b5 37. g5 Qg7 38. Rc8 b4 39. a4 bxa3 40.
bxa3 Rxc8 41. Qxc8 e5 42. Qxg8+ Qxg8 43. Bxg8 Kxg8 44. fxe5 1-0